000 00367cam a22001337a 4500
008 180718b1951 xxu||||| |||| 00| 0 eng d
082 _aLsx5451 H996
100 _aRao,C.V.S.
245 _aA reveiw of Hyderabad finance
_cBy C.V. S. Rao
260 _aHyderabad
_bGovernment
_c1951
300 _a375p
650 _aPublic - India - Hyderabad (State)
650 _aFinance
999 _c409745
_d409745